Statistics for Guess the name of the european club by the logo

Click here to take the quiz!

General Stats

  • This quiz has been taken 13 times
  • The average score is 10 of 16

Answer Stats

Answer% Correct
Ac milan
100%
Barcelona
100%
Inter
100%
Real madrid
100%
Tottenham
100%
Porto
92%
Wolves
85%
Fulham
77%
Schalke
62%
Bologna
46%
Shakhtar
46%
Zenit
46%
Anderlecht
31%
Real zaragoza
23%
Sampdoria
23%
Granda
8%

Score Distribution

Percentile by Number Answered

Percent of People with Each Score

Your Score History

You have not taken this quiz